000 00847cab a2200265 4500
001 ABS55998
008 090401t1996 xxu||||| |||| 00| 0 eng d
035 _a(Sirsi) u20336
041 _aeng
100 _aSherlock, R.
245 _aCreation and adoption of highways
260 _c1996
350 _a0
490 _aSolicitors` Journal
_v140(37) 4 October 1996, 938-939(2)
520 _aOutlines legal definition of `highway`, how responsibility for their maintenance can be passed to local highway authorities and how rights of way can develop over time.
650 _aHIGHWAYS ACT 1980 S31
650 _aHIGHWAYS ACT 1980 S37
650 _aHIGHWAYS
650 _aRIGHTS OF WAY
650 _aROAD ADOPTION
650 _aROAD MAINTENANCE
690 _aHIGHWAYS RIGHTS OF WAY AND EASEMENTS
942 _n0
948 _c04/03/1997
999 _c13624
_d13624